000 00309nam a22001337a 4500
008 170608b xxu||||| |||| 00| 0 eng d
020 _a9780321209504
041 _aeng
080 _a32
100 _a18
101 _aAHP
245 _aPOLITICS CULTURE IN THE DEVELOPMENT
_cPAYNE.R..J
942 _2udc
_cBK
999 _c16557
_d16557